Quiz di cultura generale #68 - Statistics

Statistiche generali
  • Questo quiz è stato fatto 800 volte
  • Il punteggio medio è 14 su 20
Statistiche sulle risposte
DOMANDA RISPOSTA % Corretto
Quale ingrediente conferisce al pesto il colore verde? Basilico
97%
Com'è chiamato la metà del diametro in un cerchio? Raggio
94%
Canta "Waka Waka" Shakira
94%
Quale pezzo degli scacchi può scavalcare altre pedine? Cavallo
92%
Chi è a capo di una diocesi? Vescovo
88%
Oltre a Milano, Parigi e Londa; qual è l'altra capitale della moda? New York
86%
Incontrarono Don Abbondio nella prima scena dei Promessi Sposi Bravi
84%
Investigatore che collaborava con John Watson (noime+cognome) Sherlock Holmes
79%
Com'è chiamato il cucciolo del cervo? Cerbiatto
78%
Fiume sacro dell'Induismo Gange
78%
Ne era presidente Mu'ammar Gheddafi Libia
65%
Stato completamente circondato dal Sudafrica Lesotho
64%
Il "Dottore" insieme a Mr. Hyde nel romanzo di Stevenson Jekyll
62%
La prima ferrovia extraurbana costruita collegava Manchester al porto di quale città? Liverpool
55%
Interpretò Nelson Mandela (nome+cognome) Morgan Freeman
51%
Quale nazione era chiamata "Indie Orientali Olandesi" Indonesia
50%
In quale odierna nazione si combatté la Battaglia di Gallipoli durante la WW1? Turchia
44%
Qual è la capitale geograficamente più a sud del mondo? Wellington
42%
Vinse la prima edizione degli Europei nel 1960 Unione Sovietica/URSS
36%
In quale stato puoi trovare le città di Espoo, Tampere e Oulu? Finlandia
32%
Nessun quiz corrispondente trovato
Distribuzione punteggi
Percentuale di utenti per punteggio
Percentile per numero di risposta
I tuoi punteggi nel tempo
Non hai fatto questo quiz